Engineering surveys: elementary, (Record no. 543771)

000 -LEADER
fixed length control field 00680cam a22001931 4500
082 ## - DEWEY DECIMAL CLASSIFICATION NUMBER
Classification number 526.9
Author Mark RUB
-- L-16, P-35
100 1# - MAIN ENTRY--PERSONAL NAME
Personal name Rubey, Harry,
9 (RLIN) 39262
245 10 - TITLE STATEMENT
Title Engineering surveys: elementary,
Statement of responsibility, etc. by Harry Rubey, George Edward Lommel [and] Marion Wesley Todd.
250 ## - EDITION STATEMENT
Edition statement 3d ed.
260 ## - PUBLICATION, DISTRIBUTION, ETC.
Place of publication, distribution, etc. New York,
Name of publisher, distributor, etc. Macmillan,
Date of publication, distribution, etc. 1950.
300 ## - PHYSICAL DESCRIPTION
Extent xvii, 320, 141 p.
Other physical details illus., maps (part fold.)
Dimensions 21 cm.
490 0# - SERIES STATEMENT
Series statement Engineering science series.
500 ## - GENERAL NOTE
General note "Logarithmic and trigonometric tables": p. 1-131 (3d group.)
526 ## - STUDY PROGRAM INFORMATION NOTE
Program name 0
Interest level 0
Reading level 0
Title point value 526_900000000000000_RUB
650 #0 - SUBJECT ADDED ENTRY--TOPICAL TERM
Topical term or geographic name entry element Logarithms.
9 (RLIN) 39127
650 #0 - SUBJECT ADDED ENTRY--TOPICAL TERM
Topical term or geographic name entry element Surveying.
650 #0 - SUBJECT ADDED ENTRY--TOPICAL TERM
Topical term or geographic name entry element Trigonometry
General subdivision MCE
9 (RLIN) 39263
942 ## - ADDED ENTRY ELEMENTS (KOHA)
Source of classification or shelving scheme
Koha item type Book
Holdings
Withdrawn status Lost status Source of classification or shelving scheme Damaged status Not for loan Permanent Location Current Location Date acquired Total Checkouts Full call number Barcode Date last seen Price effective from Koha item type
          Military College of Engineering (MCE) Military College of Engineering (MCE) 04/02/2014   526.9 RUB MCE-2995 04/02/2014 04/02/2014 Book
© 2023 Central Library, National University of Sciences and Technology. All Rights Reserved.